Kvalifikácia učiteľstva

Bibliographic Details
Main Author: Kapinaj, František (Author)
Format: Article
Language:Slovak

MARC

LEADER 00000nab a2200000 a 4500
001 vtls010707044
003 SK-MaSNL
005 20260304190250.0
008 250709s xo |||||||||||||||||slo|
035 |a (urnnbn)urn:nbn:sk:snk:ar-a041q5 
035 |a (uuid)b2358533-6701-4cf1-98d6-b7db528e7686 
035 |a urn:nbn:sk:snk-ab3b7z 
040 |a SNKBUCL  |b slo  |c SNKBUCL  |e AACR2 
041 0 |a slo 
044 |a xo  |c SK 
100 1 |a Kapinaj, František  |4 aut  |9 161932 
245 1 0 |a Kvalifikácia učiteľstva  |c František Kapinaj 
773 0 |t Národná škola slovenská : orgán Slovenskej obce učiteľskej  |g Roč. 12, č. 1 (1933-1934), s. 5-7 
850 |a Slovenská národná knižnica 
852 |a Slovenská národná knižnica 
954 |a odborná, vedecká literatúra pôvodná (slovenská)  |2 lita 
958 |a article1 
958 |a OND 
958 |a EUIPO 
999 |c 3049574  |d 3051504